سجين زندا / (رقم التسجيلة. 116514)
[ عرض عادي ]
| 000 -LEADER | |
|---|---|
| fixed length control field | 00993nam a22002657a 4500 |
| 005 - DATE AND TIME OF LATEST TRANSACTION | |
| control field | 20251108174728.0 |
| 008 - FIXED-LENGTH DATA ELEMENTS--GENERAL INFORMATION | |
| fixed length control field | 250721s9999 xx 000 0 ara d |
| 082 14 - DEWEY DECIMAL CLASSIFICATION NUMBER | |
| Classification number | ط/ق/هوب |
| 100 1# - MAIN ENTRY--PERSONAL NAME | |
| Personal name | هوب، أنتوني |
| Relator term | مؤلف |
| 245 10 - TITLE STATEMENT | |
| Title | سجين زندا / |
| 246 11 - VARYING FORM OF TITLE | |
| Title proper/short title | THE PRISONER OF ZENDA |
| 264 1# - PRODUCTION, PUBLICATION, DISTRIBUTION, MANUFACTURE, AND COPYRIGHT NOTICE | |
| Place of production, publication, distribution, manufacture | بيروت : |
| Name of producer, publisher, distributor, manufacturer | المكتبة الحيثة للطباعة و النشر، |
| Date of production, publication, distribution, manufacture, or copyright notice | (200-). |
| 300 ## - PHYSICAL DESCRIPTION | |
| Extent | 133ص |
| 490 0# - SERIES STATEMENT | |
| Series statement | كنوز : سلسلة روائع القصص العالمية |
| 500 ## - GENERAL NOTE | |
| General note | القصة مكتوبة باللغة العربية و اللغة الإنجليزية |
| 650 17 - SUBJECT ADDED ENTRY--TOPICAL TERM | |
| Topical term or geographic name as entry element | الادب المترجم |
| 650 17 - SUBJECT ADDED ENTRY--TOPICAL TERM | |
| Topical term or geographic name as entry element | القصص القصيره |
| 653 ## - INDEX TERM--UNCONTROLLED | |
| Uncontrolled term | ناشاون صغار (10-14) سنه |
| 700 1# - ADDED ENTRY--PERSONAL NAME | |
| Personal name | محسن، فاضل حبيب |
| Relator term | مترجم |
| 700 1# - ADDED ENTRY--PERSONAL NAME | |
| Personal name | محمد، عبد الحق أحمد |
| 700 1# - ADDED ENTRY--PERSONAL NAME | |
| Personal name | حسن، ذكرى عبد الرحمن |
| Relator term | مراجع |
| 700 1# - ADDED ENTRY--PERSONAL NAME | |
| Personal name | سالم، منى فتحي |
| 942 ## - ADDED ENTRY ELEMENTS (KOHA) | |
| Source of classification or shelving scheme | Dewey Decimal Classification |
| Koha item type | كتب |
| حالة السحب | حالة الفقدان | مصدر التصنيف | حالة التلف | غير قابل للإعارة | المكتبة الرئيسية | المكتبة الحالية | موقع الرف | تاريخ التزويد | الرقم المتسلسل | Total Checkouts | رقم الإستدعاء | الباركود | تاريخ آخر ظهور | تاريخ الفاتورة | نوع المادة (كوها) |
|---|---|---|---|---|---|---|---|---|---|---|---|---|---|---|---|
| Dewey Decimal Classification | المكتبة المركزية | المكتبة المركزية | الأطفال | 28/07/2025 | 1263078 | ط/ق/هوب | PLD00074815 | 28/07/2025 | 28/07/2025 | كتب | |||||
| Dewey Decimal Classification | المكتبة المركزية | المكتبة المركزية | مقتنيات قسم التزويد | 28/07/2025 | 1263079 | ط/ق/هوب | 28/07/2025 | 28/07/2025 | كتب | ||||||
| Dewey Decimal Classification | المكتبة المركزية | المكتبة المركزية | مقتنيات قسم التزويد | 28/07/2025 | 1263080 | ط/ق/هوب | 28/07/2025 | 28/07/2025 | كتب | ||||||
| Dewey Decimal Classification | المكتبة المركزية | المكتبة المركزية | مقتنيات قسم التزويد | 28/07/2025 | 1263081 | ط/ق/هوب | 28/07/2025 | 28/07/2025 | كتب | ||||||
| Dewey Decimal Classification | المكتبة المركزية | المكتبة المركزية | مقتنيات قسم التزويد | 28/07/2025 | 1263082 | ط/ق/هوب | 28/07/2025 | 28/07/2025 | كتب | ||||||
| Dewey Decimal Classification | مكتبة أم قصير والمقابلين العامة | مكتبة أم قصير والمقابلين العامة | الأطفال | 25/02/2009 | 1263084 | ط/ق/هوب | PLD00075083 | 28/07/2025 | 25/02/2009 | كتب |